[Event "Santo Domingo Duarte Memorial 6th"]
[Site "Santo Domingo"]
[Date "2017.02.04"]
[Round "6"]
[White "Franco Valenzuela, Alvaro"]
[Black "Sanchez, Ramon"]
[Result "0-1"]
[WhiteElo "1681"]
[BlackElo "1956"]
[PlyCount "74"]
[EventDate "2017.01.27"]
[EventType "swiss"]
[EventRounds "8"]
[EventCountry "DOM"]
[SourceTitle "CBM 176 Extra"]
[Source "ChessBase"]
[SourceDate "2017.03.02"]
[SourceVersion "1"]
[SourceVersionDate "2017.03.02"]
[SourceQuality "1"]

1. e4 e5 2. f4 exf4 3. Nf3 g5 4. h4 g4 5. Ne5 h5 6. Bc4 Nh6 7. Qe2 Qf6 8. Nd3 f3 9. Qf2 fxg2 10. Qxg2 d6 11. Nc3 Be6 12. e5 Qf3 13. Qxf3 gxf3 14. Nd5 Bxd5 15. Bxd5 Nc6 16. Bxf3 Nd4 17. Bd1 0-0-0 18. c3 Ndf5 19. Rh3 Ng4 20. Rf3 Nxh4 21. Rxf7 dxe5 22. Bxg4+ hxg4 23. Nxe5 Re8 24. d4 Nf3+ 25. Kf2 Nxe5 26. dxe5 Bc5+ 27. Kg3 Rh1 28. e6 Rg1+ 29. Kh4 Be7+ 30. Kh5 Rg8 31. Rg7 Rxg7 32. Bh6 Rxa1 33. Bxg7 g3 34. Kg6 g2 35. Bd4 g1Q+ 36. Bxg1 Rxg1+ 37. Kf7 Kd8 0-1

[Event "Santo Domingo Duarte Memorial 6th"]
[Site "Santo Domingo"]
[Date "2017.01.28"]
[Round "3"]
[White "Coronado Paulino, Katerine E"]
[Black "Franco Valenzuela, Alvaro"]
[Result "1-0"]
[WhiteElo "1756"]
[BlackElo "1681"]
[PlyCount "27"]
[EventDate "2017.01.27"]
[EventType "swiss"]
[EventRounds "8"]
[EventCountry "DOM"]
[SourceTitle "CBM 176 Extra"]
[Source "ChessBase"]
[SourceDate "2017.03.02"]
[SourceVersion "1"]
[SourceVersionDate "2017.03.02"]
[SourceQuality "1"]

1. e4 c5 2. Nf3 g6 3. d4 cxd4 4. Nxd4 Bg7 5. Bc4 e6 6. 0-0 Nc6 7. Nb5 a6 8. Nd6+ Ke7 9. Bf4 Bxb2 10. Nd2 e5 11. Nxf7 Qf8 12. Bg5+ Nf6 13. Qf3 Qg7 14. Bxf6+ 1-0